Les gardiens qui ont le plus de clean sheets en Ligue 1 - Statistiques

Statistiques générales
  • Ce quiz a été pris 208 fois
  • Le résultat moyen est 5 sur 20
Statistiques - réponses
Clean Sheets Clubs Gardien % Correct
164 OM, SRFC Steve Mandanda
92%
223 FCN, PSG, LOSC, SCB Mickaël Landreau
74%
170 ASSE, OL, PSG Grégory Coupet
62%
186 LOSC, FCM, SB, PSG, SRFC Bernard Lama
60%
158 ASM, ASSE Stéphane Ruffier
59%
165 SCO, FCGB Ulrich Ramé
28%
174 FCSM, AJA, PSG Joël Bats
27%
136 OGCN, FCM, PSG Lionel Létizi
27%
241 ASM Jean-Luc Ettori
26%
166 SCB, SCT, RCF, OM, OL Pascal Olmeta
22%
174 AJA, ASNL, MHSC Bruno Martini
17%
130 RCL, OM, FCGB Gaëtan Huard
12%
136 RCL, ASM Guillaume Warmuz
11%
205 VAFC, TFC, FCGB Dominique Dropsy
7%
146 FCGB, LOSC, TFC Philippe Bergeroo
6%
209 FCN Jean-Paul Bertrand-Demanes
4%
144 OM, SCT, FCGB, ASSE Joseph-Antoine Bell
4%
152 FCSM, MHSC, ASM Albert Rust
3%
160 ACA, OGCN, PSG Dominique Baratelli
3%
136 SF, ASSE, OM George Carnus
2%
Aucun quiz correspondant
Distribution des résultats
% des personnes avec chaque résultat
Percentile par nombre de réponses
Votre historique - résultats
Vous n’avez pas pris ce quiz